National Coat Of Arms - Statistics

General Stats
  • This quiz has been taken 21 times
  • The average score is 11 of 15
Answer Stats
Picture Answer % Correct
Greece
100%
Argentina
94%
Ethiopia
88%
Hungary
88%
Serbia
81%
Ukraine
81%
Belgium
75%
Uruguay
75%
Moldova
69%
Saudi Arabia
69%
Sweden
69%
Zimbabwe
69%
Liechtenstein
56%
Jamaica
50%
Libya
50%
No matching quizzes found
Score Distribution
Percent of People with Each Score
Percentile by Number Answered
Your Score History
You have not taken this quiz